| 000 | 01495nam a2200253 a 4500 | ||
|---|---|---|---|
| 001 | ASIN1581153120 | ||
| 003 | OSt | ||
| 005 | 20180116192419.0 | ||
| 008 | 131126s2003 xxu eng d | ||
| 020 |
_a1581153120 (paperback) _c$19.95 |
||
| 020 | _a9781581153125 (paperback) | ||
| 040 | _cd | ||
| 050 | 0 | 4 | _aNK1105 |
| 082 | 0 | 4 | _a745.43 |
| 100 | 1 |
_aDreyfuss, Henry. _97136 |
|
| 245 | 1 | 0 |
_aDesigning for people / _cHenry Dreyfuss. |
| 260 |
_a[S.l.] : _bAllworth Press, _c2003. |
||
| 300 |
_a256 p. ; _c24 cm. |
||
| 520 | _aA cult read among designers for more than half a century, the famous manifesto of America's greatest industrial designer is finally back in print! From the first answering machine ("the electronic brain") and the Hoover vacuum cleaner to the SS Independence and the Bell telephone, the creations of Henry S. Dreyfuss have shaped the cultural landscape of the 20th century. Written in a robust, fresh style, this book offers an inviting mix of professional advice, case studies, and design history along with historical black-and-white photos and the author's whimsical drawings. In addition, the author's uncompromising commitment to public service, ethics, and design responsibility makes this masterful guide a timely read for today's designers. 152 B&W Illustrations. | ||
| 650 | 0 |
_aHuman engineering _97137 |
|
| 650 | 0 |
_aIndustrial design _97138 |
|
| 856 | 4 | 0 |
_3Amazon.com _uhttp://www.amazon.com/exec/obidos/ASIN/1581153120/chopaconline-20 |
| 942 |
_2ddc _cBK |
||
| 999 |
_c353846 _d353846 |
||